Arsenico /

محفوظ في:
التفاصيل البيبلوغرافية
المؤلف الرئيسي: Cagnoni, Fiorella (مؤلف)
التنسيق: كتاب
اللغة:الإيطالية
منشور في: Milano : La tartaruga, \2001!
سلاسل:Narrativa
الوسوم: إضافة وسم
لا توجد وسوم, كن أول من يضع وسما على هذه التسجيلة!

MARC

LEADER 00000nam a2200000 i 4500
001 IT\ICCU\RAV\0774145
003 ItRI
005 20260115231928.0
008 010803s2001 it |||||| ||||| |||||c
015 |2 IT  |a 2002-8194 
020 |a 8877383402 
040 |b ita  |c importazione bologna sebina 
041 7 |a ita  |2 ISO-639-2 
082 |a 853.914  |9 NARRATIVA ITALIANA, 1945-1999  |2 21 
100 1 |a Cagnoni, Fiorella  |0 IT\ICCU\CFIV\054799  |4 aut 
245 1 0 |a Arsenico /  |c Fiorella Cagnoni. 
260 |a Milano :  |b La tartaruga,  |c \2001! 
300 |a 383 p. ;  |c 21 cm. 
830 0 |a Narrativa  |0 IT\ICCU\RAV\0028906 
942 |2 ddc  |c BK  |n 0 
952 |0 0  |1 0  |4 0  |6 L_853_914000000000000_CAG  |7 0  |9 16839  |a BO  |b BO  |d 2026-01-15  |i 6205  |l 0  |o L 853.914 CAG  |p BO6205  |r 2026-01-15 23:19:28  |w 2026-01-15  |x [Sebina 5] [1 v.]  |y BK  |z 1 v. 
999 |c 14392  |d 14392